Wohlfahrtsentwicklung im vereinten Deutschland : sozialstruktur, sozialer Wandel und Lebensqualitat

Αποθηκεύτηκε σε:
Λεπτομέρειες βιβλιογραφικής εγγραφής
Άλλοι συγγραφείς: Wolfgang, Zapf (Επιμελητής έκδοσης), Habich, Roland 1953- (Επιμελητής έκδοσης)
Μορφή: Βιβλίο
Γλώσσα:German
Δημοσίευση: Berlin : Sigma, 1997
Έκδοση:2. aufl., durchgesehene
Θέματα:
Ετικέτες: Προσθήκη ετικέτας
Δεν υπάρχουν, Καταχωρήστε ετικέτα πρώτοι!

MARC

LEADER 00000nam a2200000 i 4500
001 1/73774
008 080207s1996 ger d
020 |a 3-89404-156-0 
035 |l 10094470 
040 |a GR-MY-UA  |b gre  |e aacr 
041 0 |a ger 
082 0 |a 361  |2 (22) 
245 1 0 |a Wohlfahrtsentwicklung im vereinten Deutschland :  |b sozialstruktur, sozialer Wandel und Lebensqualitat /  |c Wolfgang Zapf, Roland Habich (Hg.) 
250 |a 2. aufl., durchgesehene 
260 |a Berlin :   |b Sigma,   |c 1997 
300 |a 382 σ. ;  |b πίν. ;  |c 21 εκ.  
504 |a Βιβλιογραφία: σ. 355-376 
504 |a Ευρετήριο: σ. 377-379 
650 0 0 |a Public welfare  |z Germany  |y 1990- 
700 1 |a Wolfgang, Zapf.  |4 edt 
700 1 |a Habich, Roland  |d 1953-  |4 edt 
852 |a INST  |b LESVOS  |e 20080207  |h 361 WOH  |p 005100040702  |q 005100040702  |t BK  |y 0 
901 |a BIBL1-2008-1 
909 |a Λ  |b 144663 
922 |a 1ΕΛΗ  |b 200801  |c ΕΠΕΑΕΚ2/ΤΚ  |d ΠΑΠΑΣΩΤΗΡΙΟΥ 
970 |a ΧΑΤΖΗΜΙΧΑΗΛ  |b ΜΑΡΙΑ  |z 2008/02/07